Islam (Record no. 13309)
[ view plain ]
| 000 -LEADER | |
|---|---|
| fixed length control field | 00249nam a22001217a 4500 |
| 020 ## - INTERNATIONAL STANDARD BOOK NUMBER | |
| ISBN | 969-428-060-5 |
| 082 ## - DEWEY DECIMAL CLASSIFICATION NUMBER | |
| Classification number | 297 |
| Item number | 10391 |
| 100 ## - MAIN ENTRY--AUTHOR NAME | |
| Personal name | Mukhtar Badri |
| 245 ## - TITLE STATEMENT | |
| Title | Islam |
| 260 ## - PUBLICATION, DISTRIBUTION, ETC. (IMPRINT) | |
| Place of publication | Karachi |
| Name of publisher | Daar Ul Ishaat |
| Year of publication | 2004 |
| 300 ## - PHYSICAL DESCRIPTION | |
| Number of Pages | 392 |
| 942 ## - ADDED ENTRY ELEMENTS (KOHA) | |
| Koha item type | Books |
| Withdrawn status | Lost status | Permanent Location | Current Location | Shelving location | Date acquired | Full call number | Accession Number | Koha item type |
|---|---|---|---|---|---|---|---|---|
| | | MAJU | MAJU | | 2022-05-21 | 297 | 10391 | Books |